| 000 | 00966nam a2200325Ia 4500 | ||
|---|---|---|---|
| 001 | 34370 | ||
| 003 | IT-RoPAU | ||
| 008 | 130308s9999 xx 000 0 und d | ||
| 040 | _aIT-RoPAU | ||
| 040 | _cIT-RoPAU | ||
| 041 | _aITALIANO | ||
| 100 | _aWolf William | ||
| 100 | _gCodice Aut. SPICS: 15257 | ||
| 240 | _aMARX BROTHERS (THE) | ||
| 240 | _gCodice Tit. Orig. Spics: T0278 | ||
| 245 | _aFratelli Marx (I)-Milano libri | ||
| 245 | _bFratelli Marx (I)-Milano Libri | ||
| 250 | _a1a ed. | ||
| 260 | _aMILANO | ||
| 260 | _bMilano Libri | ||
| 260 | _c1978 [1° Ed.:1978 - Ed.Ling.Originale:1975] | ||
| 300 | _a"160 p. (prefazione: no ; testo: 160)" | ||
| 500 | _aMonografia Sui Fratelli Marx Filmografia dei Fratelli Marx classici del Genere comico Analisi dei Loro Personaggi e della Loro Opera | ||
| 650 | _aAUTORI/OPERE DEL CINEMA | ||
| 650 | _eCodice materia Spics: 6807 | ||
| 942 | _cBK | ||
| 957 | _71 | ||
| 999 |
_c71496 _d71496 |
||
| 999 | _bSI | ||
| 999 | _g1 | ||